| 000 | 00466nam a2200145Ia 4500 | ||
|---|---|---|---|
| 008 | 231129s2007||||xx |||||||||||||| ||spa|| | ||
| 020 | _a978-958-8181-45-5 | ||
| 040 | _bspa | ||
| 082 | _a986.135 A646d | ||
| 100 | _aAppelbaum Nancy P. | ||
| 245 | 0 | _aDos plazas y una nación: raza y colonización en Riosucio Caldas 1846-1948 | |
| 260 | _c2007 | ||
| 264 | _aInstituto Colombiano de Antropología e Historia | ||
| 942 |
_2ddc _cBKS |
||
| 999 |
_c9807 _d9807 |
||